MARC details
| 000 -LEADER |
| campo de control de longitud fija |
01773nam a2200313Ia 4500 |
| 003 - IDENTIFICADOR DE NÚMERO DE CONTROL |
| campo de control |
CoMeUDC |
| 005 - FECHA Y HORA DE LA ÚLTIMA TRANSACCIÓN |
| campo de control |
20240508162459.0 |
| 008 - DATOS DE LONGITUD FIJA--INFORMACIÓN GENERAL |
| campo de control de longitud fija |
130821s2004 ck gr spa |
| 020 ## - NÚMERO INTERNACIONAL ESTÁNDAR DEL LIBRO |
| Número Internacional Estándar del Libro |
9589249523 (2a.Ed.) |
| 040 ## - FUENTE DE CATALOGACIÓN |
| Centro catalogador/agencia de origen |
CO-BoUCM |
| Lengua de catalogación |
spa |
| Centro/agencia transcriptor |
CO-UdeC |
| Centro/agencia modificador |
Nuevo |
| Normas de descripción |
ISBD |
| -- |
AARC |
| 041 00 - CÓDIGO DE IDIOMA |
| Código de lengua del texto/banda sonora o título independiente |
spa |
| 082 04 - NÚMERO DE LA CLASIFICACIÓN DECIMAL DEWEY |
| Número de clasificación |
342.066 |
| Número de ítem |
G643 |
| 100 1# - ENTRADA PRINCIPAL--NOMBRE DE PERSONA |
| Nombre de persona |
González Rodríguez, Miguel |
| 9 (RLIN) |
42396 |
| 245 13 - MENCIÓN DEL TÍTULO |
| Título |
El contencioso contractual : |
| Resto del título |
controversias contractuales, art. 87 C.C.A. / |
| Mención de responsabilidad, etc. |
Miguel González Rodríguez. |
| 250 ## - MENCION DE EDICION |
| Mención de edición |
Segunda edición. |
| 260 ## - PUBLICACIÓN, DISTRIBUCIÓN, ETC. |
| Lugar de publicación, distribución, etc. |
Bogotá (Colombia) : |
| Nombre del editor, distribuidor, etc. |
Universidad Libre, |
| Fecha de publicación, distribución, etc. |
2001. |
| 300 ## - DESCRIPCIÓN FÍSICA |
| Extensión |
243 p. ; |
| Dimensiones |
24 cm. |
| 500 ## - NOTA GENERAL |
| Nota general |
Profesor universitario, ex-consejero del Estado. |
| 500 ## - NOTA GENERAL |
| Nota general |
Advertencia: Los numerales 1 a 11 se encuentra a lo largo de la obra, corresponden a la Jurisprudencia del Consejo de Estado, que aparecen transcritas a partir de la página 125 del libro. |
| 505 ## - NOTA DE CONTENIDO CON FORMATO |
| Nota de contenido con formato |
Su historia -- Las fuentes de las controversias contractuales -- Características del contencioso contractual -- Objetivos de la acción contractual -- La que tiene por objeto la revisión del precio -- Otras controversias relacionadas con el precio del contrato -- La nulidad de los actos administrativos contractuales -- El acto que declara desierta la licitación o concurso -- La resolución, la resciliación o terminación y cumplimiento -- La lesión enorme -- El proceso arbitral -- Jurisprudencial |
| 546 ## - NOTA DE IDIOMA |
| Nota de lengua/lenguaje |
Español. |
| 650 #7 - PUNTO DE ACCESO ADICIONAL DE MATERIA--TÉRMINO DE MATERIA |
| Término de materia o nombre geográfico como elemento de entrada |
Administración pública |
| 9 (RLIN) |
355 |
| 650 #0 - PUNTO DE ACCESO ADICIONAL DE MATERIA--TÉRMINO DE MATERIA |
| Término de materia o nombre geográfico como elemento de entrada |
Artículo 87 |
| 9 (RLIN) |
2499 |
| Subdivisión general |
Código Contencioso Administrativo |
| 650 #7 - PUNTO DE ACCESO ADICIONAL DE MATERIA--TÉRMINO DE MATERIA |
| Término de materia o nombre geográfico como elemento de entrada |
Contratos administrativos |
| Subdivisión geográfica |
Colombia |
| 9 (RLIN) |
39367 |
| 650 #7 - PUNTO DE ACCESO ADICIONAL DE MATERIA--TÉRMINO DE MATERIA |
| Término de materia o nombre geográfico como elemento de entrada |
Contratos públicos |
| Subdivisión geográfica |
Colombia |
| 9 (RLIN) |
34990 |
| 650 #7 - PUNTO DE ACCESO ADICIONAL DE MATERIA--TÉRMINO DE MATERIA |
| Término de materia o nombre geográfico como elemento de entrada |
Derecho administrativo |
| 9 (RLIN) |
12695 |
| 690 ## - PUNTO DE ACCESO ADICIONAL DE MATERIA LOCAL--TÉRMINO DE MATERIA (OCLC, RLIN) |
| Término de materia o nombre geográfico como elemento inicial |
Derecho Administrativo |
| 9 (RLIN) |
12695 |
| 942 ## - ELEMENTOS DE ENTRADA SECUNDARIOS (KOHA) |
| Tipo de ítem Koha |
Libros |
| Fuente del sistema de clasificación o colocación |
Clasificación Decimal Dewey |